[Event "AUTO-INT-1857"]
[Site "http://www.queenalice.com/game.php?id=852348"]
[Date "2010.10.30"]
[Round "1"]
[White "class_act"]
[Black "genethetrucker"]
[Result "0-1"]
[WhiteElo "1551"]
[BlackElo "1633"]

1. e4 c5 2. Bc4 Nc6 3. Qh5 e6 4. Nf3 Nf6 5. Qh4 Be7 6. Ng5 O-O 7. Bd3 Ne5 8. f4
Ng6 9. Qg3 b6 10. e5 Nd5 11. Qh3 h6 12. Be4 Bxg5 13. Bxd5 exd5 14. O-O d6 15.
Qa3 Bxf4 16. d3 dxe5 17. Bxf4 Nxf4 18. Nc3 Bg4 19. Rae1 f6 20. h3 Bc8 21. b4 d4
22. Qb3+ Be6 23. Qa4 Qc8 24. Nb5 Bd7 25. g3 Nxh3+ 26. Kg2 Qb7+ 27. Kh2 a6 28.
Nd6 Qc7 29. Qb3+ Kh8 30. Nf7+ Rxf7 31. Qxf7 Ng5 32. Qd5 Rd8 33. Qc4 Bb5 34. Qb3
Qd6 35. a4 Bc6 36. b5 Nf3+ 37. Kg2 Nxe1+ 38. Kf2 Bd5 39. Qb1 Ng2 40. c4 Ba8 41.
Qd1 Ne3 42. Qh5 Nxf1 43. Kxf1 a5 44. Qg6 Qe6 45. g4 Bf3 46. Kf2 Bxg4 47. Kg3 Bf5
48. Qh5 Bxd3 0-1

[Event "AUTO-INT-1857"]
[Site "http://www.queenalice.com/game.php?id=852361"]
[Date "2010.10.30"]
[Round "1"]
[White "fornov_ik"]
[Black "class_act"]
[Result "0-1"]
[WhiteElo "1513"]
[BlackElo "1529"]

1. e4 e5 2. Nf3 Nc6 3. Bc4 Bc5 4. b3 Nd4 5. Nxe5 Qh4 6. Nf3 Nxf3+ 7. Qxf3 Qxf2+
8. Qxf2 Bxf2+ 9. Kxf2 Nf6 10. Nc3 O-O 11. e5 Ng4+ 12. Ke1 Nxe5 13. Be2 d6 14.
Nd5 Bg4 15. Bxg4 Nxg4 16. Kf1 c6 17. Ne3 Nxe3+ 18. dxe3 Rae8 19. c4 d5 20. c5 b6
21. cxb6 axb6 22. a4 Ra8 23. b4 b5 24. a5 f5 25. a6 g5 26. g3 Rf7 27. h4 Rfa7
28. hxg5 Rxa6 29. Rxa6 Rxa6 30. Bd2 Ra1+ 31. Kg2 Ra2 32. Rd1 Kg7 33. Kf3 Kg6 34.
e4 fxe4+ 35. Ke3 Kxg5 36. Rg1 Rc2 37. Ke2+ Kg4 38. Kd1 Rc4 39. Ke2 c5 40. bxc5
Rxc5 41. Be1 Rc2+ 42. Kd1 Rc4 43. Rf1 e3 44. Rf4+ Rxf4 45. gxf4 Kxf4 46. Ke2 Ke4
47. Bb4 d4 48. Bc5 d3+ 49. Ke1 Kf3 50. Bb4 d2+ 51. Bxd2 exd2+ 52. Kxd2 h5 53.
Kc3 h4 54. Kb4 h3 55. Kxb5 h2 56. Kc5 h1=Q 57. Kd5 Kf4+ 58. Ke6 Qh5 59. Kd6 Qe5+
60. Kc6 Qd4 61. Kb5 Qc3 62. Kb6 Qc4 63. Ka5 Qb3 64. Ka6 Qb4 65. Ka7 Qb5 66. Ka8
Ke5 67. Ka7 Kd6 68. Ka8 Kc7 0-1

[Event "AUTO-INT-1857"]
[Site "http://www.queenalice.com/game.php?id=852362"]
[Date "2010.10.30"]
[Round "1"]
[White "class_act"]
[Black "fornov_ik"]
[Result "0-1"]
[WhiteElo "1582"]
[BlackElo "1546"]

1. e4 e5 2. Bc4 Nf6 3. Nc3 Nc6 4. Nd5 Nxd5 5. Bxd5 Bc5 6. Qf3 f6 7. Qh5+ g6 8.
Qh6 Nb4 9. Qg7 Rf8 10. d3 Nxc2+ 11. Kf1 Nxa1 12. Bh6 c6 13. Bc4 Qb6 14. Qxh7
Qxb2 15. Nh3 Qb1+ 16. Ke2 Qxh1 17. Bxf8 d5 18. Bxc5 Bg4+ 19. f3 Qxg2+ 20. Nf2
Qxf3+ 21. Kd2 Qe2+ 22. Kc3 Qc2+ 23. Kb4 Qd2+ 24. Ka3 Nc2+ 25. Kb3 Na1+ 26. Ka4
b5+ 27. Bxb5 cxb5+ 28. Kxb5 Qb2+ 29. Ka5 Qxa2+ 30. Kb5 Qb3+ 31. Kc6 Qa4+ 32. Kb7
Qd7+ 33. Qxd7+ Bxd7 34. Kxa8 dxe4 35. Nxe4 Kf7 36. Kxa7 Nb3 37. Kb6 f5 38. Nd6+
Kg7 39. Nb7 f4 40. Nd6 f3 41. Ne4 Bf5 42. Be3 Bxe4 43. dxe4 Na1 44. Kb5 Kf6 45.
Kb4 Nc2+ 46. Kc3 Nxe3 47. Kd3 Ng4 48. Kd2 f2 49. Ke2 Kg5 50. h3 f1=Q+ 51. Kxf1
Nf6 52. Kg2 Nxe4 53. Kf3 Kf5 54. h4 Nc3 55. Ke3 e4 56. Kd2 Nd5 57. Ke2 Kf4 58.
Kd2 e3+ 59. Ke2 Kg3 60. Kd3 Kf2 0-1

[Event "AUTO-INT-1857"]
[Site "http://www.queenalice.com/game.php?id=852369"]
[Date "2010.10.30"]
[Round "1"]
[White "yugioh1"]
[Black "class_act"]
[Result "0-1"]
[WhiteElo "1310"]
[BlackElo "1571"]

1. e4 e5 2. Nf3 Nc6 3. Bc4 Bc5 4. O-O Nd4 5. Nxe5 Nh6 6. c3 Qf6 7. cxd4 Bxd4 8.
Nc3 Bxe5 9. Nd5 Qg5 10. f4 Qh4 0-1

[Event "AUTO-INT-1926"]
[Site "http://www.queenalice.com/game.php?id=887525"]
[Date "2011.1.18"]
[Round "1"]
[White "zemaria"]
[Black "class_act"]
[Result "1-0"]
[WhiteElo "1640"]
[BlackElo "1544"]

1. e4 e5 2. Nf3 Nc6 3. d4 Nxd4 4. Nxe5 Nh6 5. Qxd4 Qf6 6. Qd5 Qe6 7. Qd4 Bd6 8.
Nd3 Ng4 9. Qxg7 Qf6 10. Qxg4 Qe6 11. Qg7 Rf8 12. e5 Be7 13. Bh6 Qg6 14. Qxg6
hxg6 15. Bxf8 Bxf8 16. Nc3 d6 17. O-O-O Bh6+ 18. Kb1 Bg7 19. Nd5 Kd8 20. Re1 Be6
21. Nc3 Bc4 22. g3 Bxd3 23. Bxd3 Bxe5 24. Be2 Bd4 25. f3 Bf2 26. Rd1 Kd7 27. Nd5
Re8 28. Bd3 Re5 29. Nf6+ Ke6 30. Ne4 f5 31. Nxf2 c5 32. Rhe1 Rxe1 33. Rxe1+ Kf6
34. Re8 Kf7 35. Ra8 a6 36. Ra7 Ke6 37. Rxb7 1-0

[Event "AUTO-INT-1926"]
[Site "http://www.queenalice.com/game.php?id=887526"]
[Date "2011.1.18"]
[Round "1"]
[White "class_act"]
[Black "zemaria"]
[Result "0-1"]
[WhiteElo "1532"]
[BlackElo "1683"]

1. e4 e5 2. Bc4 Bc5 3. Qh5 Qe7 4. Nf3 g6 5. Qxe5 Nf6 6. Qxe7+ Bxe7 7. d3 d5 8.
Bb5+ c6 9. Ba4 Na6 10. Bd2 Bd7 11. a3 Nc5 12. Nc3 Be6 13. Be3 Nxa4 14. Nxa4 Rd8
15. Bxa7 Ra8 16. Bc5 Rxa4 17. Bxe7 Kxe7 18. b3 Ra7 19. Ne5 Nd7 20. Nxd7 Kxd7 21.
exd5 Bxd5 22. O-O Re8 23. c4 Be6 24. Rfe1 Raa8 25. h3 Bf5 26. Rxe8 Rxe8 27. a4
Bxd3 28. Ra2 Re2 29. Rxe2 Bxe2 30. f3 Bd1 31. c5 Bxb3 32. a5 Ke6 33. Kf2 Kd5 34.
Ke3 Kxc5 35. Kf4 f6 36. g4 Kb5 37. g5 fxg5+ 38. Kxg5 Kxa5 39. Kh6 Be6 40. Kxh7
Bxh3 41. Kxg6 c5 42. Kg5 c4 43. Kf4 c3 44. Ke3 b5 45. Kd3 b4 46. Kc2 Ka4 47. f4
Ka3 48. Kb1 b3 49. Ka1 b2+ 50. Kb1 Bf5# 0-1

[Event "AUTO-INT-1926"]
[Site "http://www.queenalice.com/game.php?id=887539"]
[Date "2011.1.18"]
[Round "1"]
[White "jocapeme"]
[Black "class_act"]
[Result "1-0"]
[WhiteElo "1481"]
[BlackElo "1557"]

1. e4 e5 2. Nf3 Nc6 3. Bc4 Bc5 4. Nc3 Nd4 5. d3 Nxf3+ 6. Qxf3 Qf6 7. Be3 Qxf3 8.
gxf3 d6 9. O-O-O Bxe3+ 10. fxe3 Be6 11. b3 Bxc4 12. bxc4 c6 13. d4 exd4 14. exd4
Nf6 15. e5 dxe5 16. dxe5 Nd7 17. f4 O-O-O 18. Ne4 b5 19. cxb5 Kc7 20. bxc6 Kxc6
21. Rd6+ Kc7 22. Rhd1 Nb8 23. c4 f5 24. Ng5 Rd7 25. Ne6+ Kc8 26. Nxg7 Rf8 27.
Ne6 Rff7 28. a4 Rxd6 29. exd6 Rf6 30. Nc5 Rf8 31. d7+ Nxd7 32. Nxd7 Rd8 33. Nf6
Rxd1+ 34. Kxd1 h6 35. Kd2 Kc7 36. Kd3 Kc6 37. Kd4 a6 38. Nd5 Kd6 39. c5+ Kc6 40.
Nb4+ Kc7 41. Nxa6+ Kb7 42. Nb4 h5 43. c6+ Kb6 44. Kd5 h4 45. Nc2 h3 46. Nd4 Kc7
47. Nb5+ 1-0

[Event "AUTO-INT-1926"]
[Site "http://www.queenalice.com/game.php?id=887540"]
[Date "2011.1.18"]
[Round "1"]
[White "class_act"]
[Black "jocapeme"]
[Result "1-0"]
[WhiteElo "1543"]
[BlackElo "1494"]

1. e4 Nf6 2. Nc3 e5 3. Bc4 Bc5 4. Nd5 c6 5. Nxf6+ Qxf6 6. Qf3 Be7 7. Qxf6 Bxf6
8. Nf3 O-O 9. d3 d6 10. Bg5 Nd7 11. Bxf6 Nxf6 12. h3 d5 13. exd5 cxd5 14. Bb3 d4
15. O-O-O Re8 16. Ng5 Be6 17. Bxe6 fxe6 18. Rhe1 h6 19. Nf3 Nd7 20. Nxe5 Nf6 21.
Nc4 b5 22. Nd6 Reb8 23. Rxe6 Rb6 24. Rde1 Kf8 25. Nf5 Kf7 26. Re7+ Kg8 27. Nxd4
Kf8 28. R7e6 Rb7 29. f4 Nd5 30. g3 Nb4 31. Kb1 a5 32. a3 Nd5 33. Nf5 Kf7 34.
R6e5 Rd8 35. c4 Nf6 36. cxb5 Rd5 37. Rxd5 Nxd5 38. Nd6+ 1-0

[Event "AUTO-INT-1926"]
[Site "http://www.queenalice.com/game.php?id=887549"]
[Date "2011.1.18"]
[Round "1"]
[White "class_act"]
[Black "CaioPoeta"]
[Result "0-1"]
[WhiteElo "1538"]
[BlackElo "1990"]

1. e4 c5 2. Bc4 e6 3. Nf3 Nc6 4. O-O g6 5. d3 Bg7 6. c3 Nge7 7. Na3 a6 8. Bg5
O-O 9. Qd2 Re8 10. Nc2 d5 11. exd5 exd5 12. Bb3 Qc7 13. Bf4 Qd8 14. Ne3 d4 15.
Nc4 dxc3 16. bxc3 Nd5 17. Ng5 Bxc3 18. Qc1 Bxa1 19. Qxa1 Nxf4 20. h4 h6 21. Ne4
Nd4 22. Ncd6 Nde2+ 23. Kh2 Qxh4# 0-1

[Event "AUTO-INT-1926"]
[Site "http://www.queenalice.com/game.php?id=887550"]
[Date "2011.1.18"]
[Round "1"]
[White "CaioPoeta"]
[Black "class_act"]
[Result "1-0"]
[WhiteElo "1992"]
[BlackElo "1536"]

1. e4 e5 2. Nf3 Nc6 3. Bc4 Bc5 4. Nc3 Nd4 5. Nxd4 Bxd4 6. d3 Qf6 7. O-O Nh6 8.
Nd5 Qh4 9. Nxc7+ Kd8 10. Nxa8 Ng4 11. h3 Bxf2+ 12. Kh1 Qg3 13. Qxg4 Qxg4 14.
hxg4 Bc5 15. c3 h5 16. g5 h4 17. Bxf7 h3 18. g6 hxg2+ 19. Kxg2 d6 20. Bg5+ Kd7
21. Bd5 b6 22. Rf7+ Ke8 23. Nc7# 1-0

[Event "Anatoli Kárpov"]
[Site "http://www.queenalice.com/game.php?id=889956"]
[Date "2011.1.23"]
[Round "1"]
[White "vinoseco"]
[Black "class_act"]
[Result "0-1"]
[WhiteElo "1501"]
[BlackElo "1522"]

1. e4 e5 2. Nf3 Nc6 3. Bb5 a6 4. Bxc6 dxc6 5. Nxe5 Be6 6. Nc3 Bc5 7. Na4 Qh4 8.
Nxc5 b6 9. g3 Qh3 10. Na4 Qg2 11. Ke2 Qxe4+ 12. Kf1 Qxh1+ 13. Ke2 Qe4+ 14. Kf1
Qxe5 15. d4 Qb5+ 16. Kg1 Qxa4 17. Bf4 Qb5 18. a4 Qd5 19. Bxc7 Qe4 20. Bxb6 Bd5
21. Qd2 Qg2# 0-1

[Event "Anatoli Kárpov"]
[Site "http://www.queenalice.com/game.php?id=912042"]
[Date "2011.3.12"]
[Round "2"]
[White "class_act"]
[Black "Ticovi"]
[Result "0-1"]
[WhiteElo "1514"]
[BlackElo "1722"]

1. e4 e5 2. Bc4 Nf6 3. Nc3 g6 4. Nd5 Nxe4 5. Qf3 Ng5 6. Qe3 Bh6 7. Qxe5+ Ne6 8.
Qxh8+ Bf8 9. Nf6+ Ke7 10. Nd5+ Ke8 11. d3 c6 12. Nf6+ Ke7 13. Ng8+ Kd6 14. Nf3
Bg7 15. Bf4+ Kc5 16. Be3+ Kd6 17. Bf4+ Nxf4 0-1

[Event "Challenge"]
[Site "http://www.queenalice.com/game.php?id=913494"]
[Date "2011.3.16"]
[Round "-"]
[White "FranzMeM"]
[Black "class_act"]
[Result "1/2-1/2"]
[WhiteElo "1550"]
[BlackElo "1534"]

1. e4 e5 2. Nf3 Nc6 3. Bc4 Bc5 4. O-O Nf6 5. d3 O-O 6. c3 d6 7. b4 Bb6 8. a4 a5
9. b5 Ne7 10. h3 Ng6 11. Bd2 Nf4 12. Bxf4 exf4 13. Qb3 Be6 14. Bxe6 fxe6 15. Ng5
d5 16. Nxe6 Qd6 17. Nxf8 Rxf8 18. exd5 Qxd5 19. c4 Qf7 20. Nd2 Bd4 21. Rac1 Nd7
22. Nf3 Nc5 23. Qa2 Nxd3 24. Rcd1 Nb4 25. Qb3 Bc5 26. Ne5 Qf5 27. Nd7 Qc2 28.
Qxc2 Nxc2 29. Nxf8 Bxf8 30. Rd8 Nb4 31. Rfd1 c6 32. bxc6 Nxc6 33. Rc8 Ne5 34. c5
Nc4 35. c6 bxc6 36. Rxc6 Nb2 37. Rd4 Be7 38. Rc8+ Kf7 39. Rxf4+ Ke6 40. Ra8 Bb4
41. g4 Ke5 42. Rf5+ Ke4 43. Kg2 Nxa4 44. Kg3 Nb6 45. f3+ Ke3 46. Re5+ Kd4 47.
Re4+ Kd3 48. Rd8+ Kc3 49. Re3+ Kc4 50. h4 a4 51. h5 a3 52. g5 a2 53. Rd1 Na4 54.
f4 Bc3 55. Re4+ Kb3 56. Re8 Kc2 57. Red8 a1=Q 58. Rxa1 Bxa1 59. Rg8 Kd3 60. f5
Ke4 61. Kg4 Nc5 62. h6 gxh6 63. gxh6 Bf6 64. Rf8 Ke5 65. Rf7 Ne4 66. Rxh7 Nd6
1/2-1/2

[Event "AUTO-INT-1983"]
[Site "http://www.queenalice.com/game.php?id=913557"]
[Date "2011.3.16"]
[Round "1"]
[White "robinud"]
[Black "class_act"]
[Result "1-0"]
[WhiteElo "1685"]
[BlackElo "1506"]

1. e4 d5 2. exd5 Qxd5 3. Nc3 Qe6+ 4. Be2 Nf6 5. Nf3 Nc6 6. d4 Nb4 7. Ng5 Qf5 8.
h3 Nxc2+ 9. Kf1 Nxa1 10. Bd3 Qd7 11. Be3 h6 12. Qxa1 hxg5 13. Bb5 c6 14. Ba4 e6
15. Ke2 Bb4 16. Rd1 b5 17. Bb3 Bb7 18. a3 Bxc3 19. bxc3 Rh5 20. g4 Rxh3 21. Rh1
Rxh1 22. Qxh1 O-O-O 23. Bxg5 1-0

[Event "AUTO-INT-1983"]
[Site "http://www.queenalice.com/game.php?id=913558"]
[Date "2011.3.16"]
[Round "1"]
[White "class_act"]
[Black "robinud"]
[Result "0-1"]
[WhiteElo "1497"]
[BlackElo "1694"]

1. e4 e5 2. Bc4 Nf6 3. Nc3 Bb4 4. Nd5 Nxe4 5. Qf3 Nd6 6. Nxb4 Nxc4 7. Nh3 O-O 8.
Ng5 a5 9. Nd5 c6 10. Qh5 h6 11. d3 cxd5 12. dxc4 dxc4 13. Ne4 d5 14. Nc5 b6 15.
Na4 Bd7 16. Nc3 d4 17. Ne4 d3 18. Bg5 hxg5 19. Nxg5 d2+ 20. Kd1 Bf5 21. g4 Bxg4+
22. Qxg4 Nc6 23. Nf3 Qd6 0-1

[Event "AUTO-INT-1983"]
[Site "http://www.queenalice.com/game.php?id=913573"]
[Date "2011.3.16"]
[Round "1"]
[White "class_act"]
[Black "Tasjunior"]
[Result "0-1"]
[WhiteElo "1535"]
[BlackElo "1888"]

1. e4 e5 2. Bc4 Nf6 3. Nc3 Nc6 4. Nd5 Nxd5 5. Bxd5 d6 6. Qf3 Qe7 7. d3 Nd4 8.
Qd1 c6 9. Bc4 Be6 10. Bxe6 Qxe6 11. Be3 Qg6 12. g3 d5 13. exd5 cxd5 14. Bxd4
exd4 15. Qe2+ Be7 16. Nf3 O-O 17. Qxe7 Rae8 18. Qe2 Rxe2+ 19. Kxe2 Re8+ 20. Kd2
h6 21. Rae1 Rxe1 22. Rxe1 Qh5 23. Nh4 Qg5+ 24. f4 Qd8 25. Nf5 Qa5+ 26. Kd1 Qxa2
27. Re8+ Kh7 28. Nd6 Qa1+ 29. Kd2 Qa4 30. g4 Qb4+ 31. Ke2 Qxd6 0-1

[Event "AUTO-INT-1983"]
[Site "http://www.queenalice.com/game.php?id=913574"]
[Date "2011.3.16"]
[Round "1"]
[White "Tasjunior"]
[Black "class_act"]
[Result "1-0"]
[WhiteElo "1666"]
[BlackElo "1489"]

1. d4 d5 2. c4 dxc4 3. e3 Be6 4. Nf3 Nc6 5. Qc2 Qd5 6. Nbd2 Bf5 7. Qxc4 Qxc4 8.
Bxc4 e6 9. O-O Nf6 10. Nb3 Nb4 11. Bd2 Ne4 12. a3 Nxd2 13. Nbxd2 Bd3 14. Rfc1
Bxc4 15. axb4 b5 16. Nxc4 bxc4 17. Rxc4 Bd6 18. Ne5 Bxe5 19. dxe5 O-O-O 20. Rac1
Rd7 21. h3 Kb8 22. Ra1 Rc8 23. b5 Rd5 24. Rca4 Rcd8 25. Rxa7 Rd1+ 26. Kh2 Rxa1
27. Rxa1 Rd2 28. b4 Rxf2 29. Rc1 Rb2 30. Rc4 Kb7 31. Kg3 f6 32. exf6 gxf6 33.
Rh4 Kb6 34. Rxh7 1-0

[Event "AUTO-INT-1983"]
[Site "http://www.queenalice.com/game.php?id=913575"]
[Date "2011.3.16"]
[Round "1"]
[White "class_act"]
[Black "lorddrago"]
[Result "0-1"]
[WhiteElo "1523"]
[BlackElo "1703"]

1. e4 e5 2. Bc4 c6 3. Qh5 Qe7 4. Nf3 d6 5. Ng5 Nh6 6. Bxf7+ Nxf7 7. Qxf7+ Qxf7
8. Nxf7 Kxf7 9. O-O Be7 10. d3 Rf8 11. Nd2 Kg8 12. Nf3 Be6 13. Bg5 Bxg5 14. Nxg5
Rf6 15. Nxe6 Nd7 16. Ng5 h6 17. Nf3 Raf8 18. a4 R6f7 0-1

[Event "AUTO-INT-1983"]
[Site "http://www.queenalice.com/game.php?id=913576"]
[Date "2011.3.16"]
[Round "1"]
[White "lorddrago"]
[Black "class_act"]
[Result "1-0"]
[WhiteElo "1693"]
[BlackElo "1533"]

1. e4 e5 2. Nf3 Nc6 3. Bc4 Bc5 4. O-O Nf6 5. d3 Ng4 6. Bg5 f6 7. Bh4 Qe7 8. h3
g5 9. Bg3 d6 10. hxg4 h5 11. gxh5 Qh7 12. Nh2 Qxh5 13. Qxh5+ Rxh5 14. Nc3 Nd4
15. Rac1 Be6 16. Bxe6 Nxe6 17. Nd5 O-O-O 18. Nxf6 Rhh8 19. c3 1-0